| 000 | 02229nam a2200445 c 4500 | ||
|---|---|---|---|
| 003 | BLK | ||
| 005 | 20250128005514.0 | ||
| 008 | 180411b bul|||||r ||||||| ||bul|| | ||
| 010 | _aKNG00195147000 | ||
| 020 |
_a978-619-90645-0-4 _bиздат.: Гражданско сдружение Либертариум - на том(т. 1) |
||
| 040 | _aBLK | ||
| 041 |
_aBUL _cBUL |
||
| 072 | 7 |
_2bullib _aН32 _xПолитика Н |
|
| 080 |
_aКорупция _b328.185 _x(497.2) _z328.185(497.2) |
||
| 080 |
_aВътрешна политика. Вж и 329 _b323 _x(497.2)(091) _z323(497.2)(091) |
||
| 100 |
_aСугарев, Едвин Стефанов _d1953- _9371393 |
||
| 700 | 1 |
_aХристов, Христо _eсъавт. _9363654 |
|
| 700 | 1 |
_aБучков, Петър Георгиев _eсъавт. _9384361 |
|
| 139 |
_aСугарев, Едвин Стефанов и др. _bС 89 |
||
| 245 | 1 | 0 |
_aКорупционната България _bИстория на бълг. корупция в годините на преход към демокрация : Т. 1 - _cЕдвин Стефанов Сугарев; съавт. Христо Христов; съавт. Петър Георгиев Бучков. _nТ. 1 _p1989 - 1997 |
| 257 | _aBGR | ||
| 260 |
_аСофия _c2016 - _fКостинброд : Мултипринт |
||
| 300 | _c23 см | ||
| 380 | _a3 | ||
| 650 | 4 |
_aКорупция - България _9271870 |
|
| 650 | 0 |
_aБългария - вътрешна политика _9241559 |
|
| 651 | 4 |
_aБългария _9241624 |
|
| 653 | _aкорупция | ||
| 653 | _aвътрешна политика | ||
| 653 | _aпреходно общество | ||
| 653 | _aбългарска история | ||
| 659 | _aН | ||
| 760 | 1 |
_3- на том(т. 1) _aСугарев, Едвин Стефанов _dГражданско сдружение Либертариум, 2016 _h640 с. : с факс. _nИменен показалец. - Библиогр. под линия. _tТ. 1 1989 - 1997 |
|
| 852 | _aЦб 283023 | ||
| 856 | 4 |
_qpdf _u |
|
| 856 | 4 |
_qpdf _u |
|
| 942 |
_cKNG _n0 _06 |
||
| 944 |
_aCR _c03.11.2016 _lCRON CRON _k |
||
| 944 |
_aED _c03.02.2018 _lф / _kПенка_Димитрова |
||
| 999 |
_c186153 _d186153 |
||